00618cam a2200181 4500008003700000020001500037035001200052050002300064111006700087245006400154260004900218300003400267504002100301506002000322650003900342700002700381700002800408050222t1998dcua 000 0 eng u a0309037832 aa44422400aQH75.A1 bB56 19982 aNational Forum on Biodiversity, d (1986 : cWashington, D.C.)10aBiodiversity /cE.O. Wilson, ed., Frances M. Peter, editor. aWashington, D.C. bNational Academy, c1988. axiii, 521 p. :bil. ;c23 cm. aIncluye índice aRec. prop. esc.10aDiversidad biológica vCongresos1 aWilson, Edward O., ed.1 aPeter, Frances M., ed.